Loading...

ഭാഷാചരിത്രം

Bibliographic Details
Main Authors: ജെ പത്മകുമാരി, J Padmakumari
Format: Printed Book
Published: Kottayam; National Book Stall; 1974
Edition:1st
Subjects:
LEADER 00693nam a22001817a 4500
082 |b 410  |a PAD/B L4 
100 |a ജെ പത്മകുമാരി  |9 251892 
100 |a J Padmakumari  |9 251893 
240 |a Bhashacharitram 
245 |a ഭാഷാചരിത്രം 
250 |a 1st 
260 |a Kottayam;  |b National Book Stall;  |c 1974 
300 |a vi+98p. 
650 |a മലയാളം; ഭാഷ/ഭാഷാശാസ്ത്രം  |9 251894 
650 |a Malayalam;Language/Linguistics  |9 251895 
942 |c BK 
999 |c 55976  |d 55976 
952 |0 0  |1 0  |4 0  |6 410_000000000000000_PAD_B_L4  |7 0  |8 LIN  |9 66872  |a MAL  |b MAL  |d 2016-07-13  |e 16806  |g 3.50  |l 0  |o 410 PAD/B L4  |p MAL016806  |r 2016-07-13  |t 1  |w 2016-07-13  |y BK